Presidents by Age of Death and Years they Lived Quiz Stats

 Plays Quiz not verified by Sporcle

Challenge
Share
Tweet
Embed
Score 0/38 Timer 08:00
0 Plays Today
Age of Death President % Correct
93Ronald Wilson Reagan
96.6%
93Leslie Lynch King Jr. or Gerald Rudolph Ford
96.6%
90John Adams
90.4%
81Richard Milhous Nixon
88%
83Thomas Jefferson
87.5%
90Herbert Clark Hoover
86.1%
88Harry S Truman
85.1%
85James Madison
83.2%
67George Washington
82.7%
46John Fitzgerald Kennedy
81.3%
80John Quincy Adams
79.3%
56Abraham Lincoln
78.4%
63Franklin Delano Roosevelt
78.4%
73James Monroe
77.4%
78David Dwight 'Dwight David' Eisenhower
76.4%
64Lyndon Baines Johnson
76.4%
78Andrew Jackson
76%
49James Abram Garfield
75%
58William McKinley
75%
Age of Death President % Correct
68William Henry Harrison
74.5%
77James Buchanan
73.1%
72William Howard Taft
72.6%
79Martin Van Buren
72.1%
60Theodore Roosevelt
72.1%
67Thomas Woodrow Wilson
72.1%
71John Tyler
71.6%
74Millard Fillmore
71.6%
57Warren Gamaliel Bancroft Winnepeg Harding
69.2%
65 Zachary Taylor
68.8%
60John Calvin Coolidge
68.8%
66Andrew Johnson
67.8%
63Hiram Ulysses 'Ulysses Simpsons' Grant
67.8%
67Benjamin Harrison
67.8%
53James Knox Polk
66.3%
70Rutherford Birchard Hayes
66.3%
71Stephen Grover Cleveland
66.3%
65Franklin Pierce
65.4%
57Chester Alan Arthur
60.1%

You're not logged in!

Compare scores with friends on all Sporcle quizzes.
OR
Log In

You Might Also Like...

Show Comments

Extras

Top Quizzes Today


Score Distribution

Your Account Isn't Verified!

In order to create a playlist on Sporcle, you need to verify the email address you used during registration. Go to your Sporcle Settings to finish the process.

Report this User

Report this user for behavior that violates our Community Guidelines.

Details: